000 00873nam a2200241 a 4500
001 BRCA_2034
005 20190320203638.0
008 310708s1994----mx-#---###---#000-0#spa-#
020 _a968880651X (v.1)
020 _a9688806528 (v.2)
050 4 _aPC4640
_b.G36 1994
100 1 _aGámez, Tana de
_d1920-
_96219
245 1 0 _aDiccionario internacional Simon and Schuster = Simon and Schuster´s International Dictionary
_cTana de Gámez, editor in chief.
260 _aMéxico
_bPrentice-Hall Hispanoamericana
_c1994
300 _a2 v.
_c29 cm.
500 _aIncluye tabla de verbos (v.2)
505 0 _aContenido : v.1. Inglés-Español. -- v.2. Español-Inglés
650 1 4 _aEspañol
_vDiccionarios
_xInglés
_95934
650 1 4 _aInglés
_vDiccionarios
_xEspañol
_95933
740 0 _aSimon and Schuster´s International Dictionary
902 _aREF
942 _2lcc
_cB
999 _c1800
_d1800